000
00345 a2200157 4500
001
62410
020
_a
8535906185
040
_c
Anchieta - Pituba
100
_a
Belloto, Tony
240
1
0
_a
Bellini e os espíritos
_l
por
245
1
0
_a
Bellini e os espíritos
300
_a
261
362
0
_a
2005
650
4
_a
Ficção brasileira
942
_c
BK
999
_c
62410
_d
62410